<?xml version="1.0" encoding="UTF-8"?>
<record
    xmlns:xsi="http://www.w3.org/2001/XMLSchema-instance"
    xsi:schemaLocation="http://www.loc.gov/MARC21/slim http://www.loc.gov/standards/marcxml/schema/MARC21slim.xsd"
    xmlns="http://www.loc.gov/MARC21/slim">

  <leader>02607nam a22002297a 4500</leader>
  <datafield tag="999" ind1=" " ind2=" ">
    <subfield code="c">8472</subfield>
    <subfield code="d">8472</subfield>
  </datafield>
  <controlfield tag="003">GBCCL</controlfield>
  <controlfield tag="005">20241126110651.0</controlfield>
  <controlfield tag="008">210224b           ||||| |||| 00| 0 eng d</controlfield>
  <datafield tag="020" ind1=" " ind2=" ">
    <subfield code="a">0268022550 (alk. paper)</subfield>
  </datafield>
  <datafield tag="020" ind1=" " ind2=" ">
    <subfield code="a">0268022569 (pbk. : alk. paper)</subfield>
  </datafield>
  <datafield tag="040" ind1=" " ind2=" ">
    <subfield code="c">GBC</subfield>
  </datafield>
  <datafield tag="082" ind1=" " ind2=" ">
    <subfield code="a">177.1</subfield>
    <subfield code="b">CIV</subfield>
  </datafield>
  <datafield tag="245" ind1=" " ind2=" ">
    <subfield code="a">Civility /</subfield>
    <subfield code="c">edited by Leroy S. Rouner.</subfield>
  </datafield>
  <datafield tag="260" ind1=" " ind2=" ">
    <subfield code="a">Notre Dame, Ind. :</subfield>
    <subfield code="b">University of Notre Dame Press,</subfield>
    <subfield code="c">c2000.</subfield>
  </datafield>
  <datafield tag="300" ind1=" " ind2=" ">
    <subfield code="a">xvii, 252 p. ;</subfield>
    <subfield code="b">24 cm.</subfield>
  </datafield>
  <datafield tag="440" ind1=" " ind2=" ">
    <subfield code="a">Boston University studies in philosophy and religion ;</subfield>
    <subfield code="v">v. 21</subfield>
    <subfield code="9">14857</subfield>
  </datafield>
  <datafield tag="505" ind1=" " ind2=" ">
    <subfield code="a">Is civility a virtue? / James Schmidt --
Civic meetings, cultural meanings / Lawrence Cahoone --
Trust, confidence, and the problem of civility / Adam B. Seligman --
Beyond courtesy / Adam McClellan --
The belligerence of dogma / Stephen Toulmin --
The ethical status of civility / Robert B. Pippin --
Response to Robert B. Pippin / Daniel O. Dahlstrom --
Are we losing our virtue? / Alan Wolfe --
Response to Alan Wolfe / Lawrence Cahoone --
Civility and the limits to the tolerable / Edwin J. Delattre --
Civility in the family / Carrie Doehring --
On Confucian civility / Henry Rosemont Jr. --
Harmony, fragmentation, and democratic ritual / David B. Wong --
Sacred civilities / Ninian Smart --
Making peace / Virginia Straus.</subfield>
  </datafield>
  <datafield tag="505" ind1=" " ind2=" ">
    <subfield code="a">"Are Americans less civil than they used to be? If so, is that a bad thing? Perhaps we are just learning to be more honest. And what does civility mean? Is it just good manners? Or is civility a question of morality?" "In this lively conversation on an increasingly significant theme, major philosophers and religious scholars argue the issue on three levels. The first is manners: Henry Rosemont argues the Confucian case that manners are the substance of social relations, while Edwin Delattre and Adam Seligman believe that the issue is deeper than that; and the sociologist Alan Wolfe is persuaded that we are not less civil or ill-mannered than our predecessors. Secondly, as a social issue, James Schmidt, Lawrence Cahoone, and Adam Seligman turn to questions of structure and meaning in a civil society; Ninian Smart, David Wong, and Virginia Straus put the issue in a cross-cultural context; Stephen Toulmin describes the corruption of civility by dogmatism; and Carrier Doehring warns that civility may be a barrier to honest communication in family life. Finally, the metaphysical and religious dimensions of civility are explored by Robert Pippin, Adam McClellan, and Daniel Dahlstrom."--Jacket.</subfield>
  </datafield>
  <datafield tag="650" ind1=" " ind2=" ">
    <subfield code="a">Civil society. </subfield>
    <subfield code="9">14858</subfield>
  </datafield>
  <datafield tag="650" ind1=" " ind2=" ">
    <subfield code="a">Courtesy.</subfield>
    <subfield code="9">14859</subfield>
  </datafield>
  <datafield tag="942" ind1=" " ind2=" ">
    <subfield code="2">ddc</subfield>
    <subfield code="c">BK</subfield>
  </datafield>
  <datafield tag="952" ind1=" " ind2=" ">
    <subfield code="0">0</subfield>
    <subfield code="1">0</subfield>
    <subfield code="2">ddc</subfield>
    <subfield code="4">0</subfield>
    <subfield code="7">0</subfield>
    <subfield code="a">GBC</subfield>
    <subfield code="b">GBC</subfield>
    <subfield code="c">P&amp;RL</subfield>
    <subfield code="d">2021-02-24</subfield>
    <subfield code="l">0</subfield>
    <subfield code="o">177.1 CIV</subfield>
    <subfield code="p">020111</subfield>
    <subfield code="r">2025-05-01 00:00:00</subfield>
    <subfield code="t">c.1</subfield>
    <subfield code="w">2021-02-24</subfield>
    <subfield code="y">BK</subfield>
  </datafield>
</record>
